[Event "66. BEM 2012"]
[Site "Dortmund"]
[Date "2012.03.15"]
[Round "9.7"]
[White "Schulz-Runge, Michael"]
[Black "Simon, Thomas"]
[Result "1/2-1/2"]
[WhiteElo "1732"]
[BlackElo "1904"]
[Annotator "P. Schulenburg"]
[PlyCount "77"]
[EventDate "2012.??.??"]
[Source "SG Dortmund"]
[SourceDate "2004.12.16"]

1. e4 c6 2. Nc3 d5 3. exd5 cxd5 4. d4 Nf6 5. Bf4 a6 6. Bd3 Nc6 7. Nge2 Bg4 8.
f3 Bh5 9. g4 Bg6 10. h4 e6 11. h5 Bxd3 12. Qxd3 Bd6 13. Bg5 Qc7 14. h6 Bg3+ 15.
Kd1 O-O 16. hxg7 Kxg7 17. Bh6+ Kg8 18. g5 Nb4 19. Qe3 Ne8 20. Bxf8 Kxf8 21. f4
Be1 22. Rxe1 Nd6 23. Qe5 Rc8 24. a3 Nc6 25. Qh8+ Ke7 26. Nxd5+ exd5 27. Nc3+
Ne4 28. Nxd5+ Kd6 29. Rxe4 Kxd5 30. Qxh7 Nxd4 31. Re5+ Kd6 32. c3 Qc4 33. Qe4
$4 (33. cxd4 $18) 33... Qf1+ 34. Kd2 Nb3+ 35. Ke3 Qh3+ 36. Ke2 Qh2+ 37. Ke3
Qg3+ 38. Ke2 Qh2+ 39. Ke3 {(=)} 1/2-1/2

[Event "66. BEM 2012"]
[Site "Dortmund"]
[Date "2012.03.15"]
[Round "9.8"]
[White "Ziemek, Gerhard"]
[Black "Hoppe, Dirk"]
[Result "0-1"]
[WhiteElo "1669"]
[BlackElo "1865"]
[Annotator "P. Schulenburg"]
[PlyCount "98"]
[EventDate "2012.??.??"]
[Source "SG Dortmund"]
[SourceDate "2004.12.16"]

1. d4 d5 2. e4 e6 3. Nc3 Nf6 4. Bg5 Bb4 5. e5 h6 6. exf6 hxg5 7. fxg7 Rg8 8.
Qh5 Qf6 9. Bd3 Qxg7 10. Nge2 c5 11. a3 Bxc3+ 12. Nxc3 c4 13. Be2 Qxd4 14. Rd1
Qe5 15. Qg4 Nd7 16. O-O Rh8 17. h3 Nf6 18. Qd4 Qxd4 19. Rxd4 e5 20. Rdd1 Be6
21. Nb5 Kd7 22. Bxc4 Kc6 23. Be2 a6 24. Nc3 d4 25. Bf3+ Kb6 26. Na4+ Ka7 27.
Rfe1 Nd7 28. b4 Rac8 29. Rd2 {(=)} 29... b5 30. Nb2 Rc3 31. a4 Rhc8 32. axb5
Rxc2 33. Rxc2 Rxc2 34. Nd3 f6 35. Ra1 Ra2 36. Rxa2 Bxa2 37. bxa6 Kxa6 38. Bc6
Bc4 39. Be4 Kb5 40. f3 Bxd3 41. Bxd3+ Kxb4 42. Kf2 Kc3 43. Ke2 Nc5 44. Bf5 d3+
45. Kd1 d2 46. Bc2 Nd3 47. Bxd3 Kxd3 48. g3 f5 49. h4 e4 0-1

[Event "66. BEM 2012"]
[Site "Dortmund"]
[Date "2012.03.15"]
[Round "9.9"]
[White "Morawietz, Manuel"]
[Black "Cogan, Leonid"]
[Result "1-0"]
[WhiteElo "1836"]
[BlackElo "1748"]
[Annotator "P. Schulenburg"]
[PlyCount "45"]
[EventDate "2012.??.??"]
[Source "SG Dortmund"]
[SourceDate "2004.12.16"]

1. e4 c5 2. Nf3 e6 3. d4 cxd4 4. Nxd4 a6 5. Be3 Qc7 6. c4 Nf6 7. f3 d5 8. Nd2
dxe4 9. fxe4 b6 10. Bd3 Bc5 11. Qe2 Bb7 12. a3 Nbd7 13. b4 Bd6 14. g3 Rc8 15.
O-O h5 16. N4f3 Ng4 17. Bd4 e5 18. Bb2 f6 19. Nh4 Kf7 20. h3 g5 21. Nf5 Nh6 22.
Qxh5+ Ke6 23. Nxh6 1-0

[Event "66. BEM 2012"]
[Site "Dortmund"]
[Date "2012.03.15"]
[Round "9.10"]
[White "Heselmeyer, Wolfgang"]
[Black "Horenburg, Oliver"]
[Result "0-1"]
[WhiteElo "1349"]
[BlackElo "1762"]
[Annotator "P. Schulenburg"]
[PlyCount "82"]
[EventDate "2012.??.??"]
[Source "SG Dortmund"]
[SourceDate "2004.12.16"]

1. d4 Nf6 2. c4 e6 3. Nc3 Bb4 4. Bd2 b6 5. a3 Bxc3 6. Bxc3 O-O 7. e3 Bb7 8. Nf3
Ne4 9. Bd3 f5 10. O-O Ng5 11. Be2 Na6 12. b4 Ne4 13. Bb2 c6 14. Rc1 Nc7 15. c5
Nd5 16. Bd3 Qf6 17. Bxe4 fxe4 18. Ne5 Bc8 19. Qg4 Qf5 20. Qg3 Nf6 21. h3 Ba6
22. Nc4 Bxc4 23. Rxc4 b5 24. Rc2 Nd5 25. Re2 Rf7 26. f4 Rf6 27. Qg5 Qxg5 28.
fxg5 Rxf1+ 29. Kxf1 Kf7 30. h4 a5 31. Rf2+ Ke7 32. bxa5 Nxe3+ 33. Ke2 Nd5 34.
Bc1 Rxa5 35. h5 Ra4 36. g6 hxg6 37. hxg6 Nf6 38. Bb2 Rc4 39. Kd1 e3 40. Rf4 e2+
41. Ke1 Rc2 0-1

[Event "66. BEM 2012"]
[Site "Dortmund"]
[Date "2012.03.15"]
[Round "9.12"]
[White "Schultz, Bernfried"]
[Black "Gennat, Egon L"]
[Result "1-0"]
[WhiteElo "1739"]
[BlackElo "1490"]
[Annotator "P. Schulenburg"]
[PlyCount "77"]
[EventDate "2012.??.??"]
[Source "SG Dortmund"]
[SourceDate "2004.12.16"]

1. e4 c6 2. d4 d5 3. e5 Bf5 4. g4 Be4 5. f3 Bg6 6. h4 h5 7. g5 f6 8. Nh3 fxe5
9. dxe5 e6 10. Nf4 Bf5 11. Bd3 Qd7 12. Bxf5 exf5 13. e6 Qc7 14. Ng6 Qg3+ 15.
Kf1 Bc5 16. Qe2 Rh7 17. Bf4 Qf2+ 18. Qxf2 Bxf2 19. Kxf2 Ne7 20. Ne5 g6 21. Nc3
Na6 22. Nd7 Ng8 23. Nf6+ Nxf6 24. gxf6 O-O-O 25. Rae1 d4 26. Nd1 Nb4 27. f7
Nxc2 28. e7 Rxf7 29. exd8=Q+ Kxd8 30. Bg5+ Kd7 31. Re2 Nb4 32. Rd2 c5 33. a3
Nc6 34. Re1 b5 35. Nc3 a6 36. Nd5 Kd6 37. Nf4 Ne5 38. b4 Nc6 39. Re6+ 1-0

[Event "66. BEM 2012"]
[Site "Dortmund"]
[Date "2012.03.15"]
[Round "9.13"]
[White "Hlopotov, Oleg"]
[Black "Gegner, Michael"]
[Result "1-0"]
[WhiteElo "1701"]
[BlackElo "1613"]
[Annotator "P. Schulenburg"]
[PlyCount "46"]
[EventDate "2012.??.??"]
[Source "SG Dortmund"]
[SourceDate "2004.12.16"]

1. e4 e5 2. Nf3 f5 3. Nxe5 Nc6 4. Nxc6 dxc6 5. e5 Qh4 6. Nc3 Bc5 7. Qf3 f4 8.
d4 Bxd4 9. Qxf4 Bxc3+ 10. bxc3 Qe7 11. Be2 Be6 12. Qg3 Qf7 13. O-O Ne7 14. Ba3
O-O 15. Bd3 Rfe8 16. f4 Bf5 17. Rae1 Bxd3 18. e6 Qf6 19. Qxd3 Nd5 20. f5 Qxc3
21. Qxc3 Nxc3 22. Bb2 Nxa2 23. Rf4 b5 {und Schwarz gab gleichzeitig auf. Weiss
verfuegt ueber eine grosse Auswahl an Gewinnzuegen.} 1-0

[Event "66. BEM 2012"]
[Site "Dortmund"]
[Date "2012.03.15"]
[Round "9.14"]
[White "Reinacher, Detlev"]
[Black "Siwy, Boguslaw"]
[Result "1-0"]
[WhiteElo "1650"]
[BlackElo "1403"]
[Annotator "P. Schulenburg"]
[PlyCount "53"]
[EventDate "2012.??.??"]
[Source "SG Dortmund"]
[SourceDate "2004.12.16"]

1. Nf3 d5 2. g3 Nf6 3. Bg2 Nbd7 4. d3 e5 5. c3 c5 6. Nbd2 Bd6 7. Qc2 Rb8 8. e4
d4 9. O-O O-O 10. Nh4 b5 11. f4 exf4 12. gxf4 Nxe4 13. Nxe4 Qxh4 14. Nxd6 f5
15. Bd5+ Kh8 16. a3 Nf6 17. Bf3 Rb6 18. Nxc8 Rxc8 19. cxd4 Ng4 20. dxc5 Rxc5
21. Qd2 Re6 22. Bxg4 Qxg4+ 23. Qg2 Qh5 24. Kh1 Rcc6 25. Bd2 Rc2 26. Rf2 h6 27.
Bc3 1-0

[Event "66. BEM 2012"]
[Site "Dortmund"]
[Date "2012.03.15"]
[Round "9.15"]
[White "Hlopotov, Nikita"]
[Black "Benke, Werner"]
[Result "1-0"]
[WhiteElo "1405"]
[BlackElo "1518"]
[Annotator "P. Schulenburg"]
[PlyCount "45"]
[EventDate "2012.??.??"]
[Source "SG Dortmund"]
[SourceDate "2004.12.16"]

1. e4 e5 2. Nf3 Bc5 3. Nc3 d6 4. Bc4 Nf6 5. O-O O-O 6. d4 exd4 7. Nxd4 Re8 8.
Bg5 c6 9. Re1 Nbd7 10. f4 Qb6 11. Nce2 Rxe4 12. c3 Qxb2 13. Kh1 Ng4 14. Bh4
Ndf6 15. h3 Ne3 16. Qd3 Bxd4 17. cxd4 d5 18. Bb3 Bd7 19. Bxf6 gxf6 20. Rab1 Qa3
21. Nc3 Nf5 22. Nxe4 dxe4 23. Bxf7+ 1-0

[Event "66. BEM 2012"]
[Site "Dortmund"]
[Date "2012.03.15"]
[Round "9.16"]
[White "Vogt, Christian"]
[Black "Grawe, Herbert"]
[Result "1-0"]
[WhiteElo "1499"]
[BlackElo "1385"]
[Annotator "P. Schulenburg"]
[PlyCount "117"]
[EventDate "2012.??.??"]
[Source "SG Dortmund"]
[SourceDate "2004.12.16"]

1. d4 Nc6 2. Nf3 e6 3. e4 h6 4. c4 a6 5. Nc3 d6 6. Bd3 g5 7. d5 Nce7 8. dxe6
fxe6 9. e5 g4 10. exd6 cxd6 11. Nh4 Nf5 12. Ng6 Rh7 13. Nxf8 Kxf8 14. Qxg4 Nf6
15. Qh3 Qe7 16. g4 Nd4 17. Bxh7 Qxh7 18. Qxh6+ Qxh6 19. Bxh6+ Kf7 20. O-O-O e5
21. h3 b5 22. f4 b4 23. Nd5 Nxd5 24. cxd5 Bb7 25. fxe5 dxe5 26. Rhf1+ Kg6 27.
Be3 Rc8+ 28. Kb1 Nc2 29. Bg1 a5 30. Rc1 Bxd5 31. Rxc2 Be4 32. Rfc1 a4 33. Ka1
Bxc2 34. b3 Rc3 35. Kb2 a3+ 36. Ka1 Kg5 37. Bf2 Kf4 38. Be1 Rc8 39. Bxb4 Rd8
40. Bxa3 Bd3 41. Rg1 e4 42. Bc5 Rh8 43. g5 e3 44. Bxe3+ Kxe3 45. g6 Kf2 46. g7
Rg8 47. Rg5 Kf3 48. h4 Kf4 49. Kb2 Bh7 50. a4 Rc8 51. Ka3 Bg8 52. Kb4 Rb8+ 53.
Rb5 Re8 54. Ka5 Ra8+ 55. Kb6 Rb8+ 56. Kc7 Rxb5 57. axb5 Bxb3 58. Kd6 Ke4 59. b6
1-0

[Event "66. BEM 2012"]
[Site "Dortmund"]
[Date "2012.03.15"]
[Round "9.17"]
[White "Jentzsch, Werner Wilfried"]
[Black "Zachos, Ingo"]
[Result "1-0"]
[WhiteElo "1317"]
[BlackElo "1851"]
[Annotator "P. Schulenburg"]
[PlyCount "77"]
[EventDate "2012.??.??"]
[Source "SG Dortmund"]
[SourceDate "2004.12.16"]

1. d4 Nc6 2. e4 e5 3. d5 Nce7 4. Nc3 Ng6 5. Nf3 Bc5 6. Be3 Bxe3 7. fxe3 Nf6 8.
Bc4 d6 9. O-O O-O 10. Nd2 Ng4 11. Qe2 Qg5 12. Rae1 Nh4 13. Nf3 Nxf3+ 14. Qxf3
f5 15. Bd3 f4 16. g3 Bd7 17. exf4 exf4 18. Nd1 Ne5 19. Qg2 fxg3 20. Qxg3 Qxg3+
21. hxg3 Bh3 22. Rf4 Rxf4 23. gxf4 Nf3+ 24. Kf2 Nxe1 25. Kxe1 Re8 26. Kf2 Bg4
27. Ne3 Bh3 28. Kg3 Bd7 29. Kh4 c6 30. c4 cxd5 31. cxd5 Rc8 32. e5 dxe5 33.
fxe5 Re8 34. e6 Bc8 35. Kg5 h6+ 36. Kg6 Bxe6 37. Bc4 Rf8 38. dxe6 Rf6+ 39. Kh5
{und Schwarz gab auf!} ({Nach} 39. Kh5 {konnte folgen:} 39... Kf8 40. e7+ $1
Kxe7 41. Nd5+ Ke6 (41... Kd6 42. Nxf6 gxf6 43. Kxh6) 42. Nxf6+ Kxf6 43. Bd3 {
und Weiss sollte gewinnen.}) 1-0

[Event "66. BEM 2012"]
[Site "Dortmund"]
[Date "2012.03.15"]
[Round "9.18"]
[White "Duschek, Günter"]
[Black "Dirks, Rainer"]
[Result "1-0"]
[WhiteElo "1580"]
[BlackElo "1120"]
[Annotator "P. Schulenburg"]
[PlyCount "77"]
[EventDate "2012.??.??"]
[Source "SG Dortmund"]
[SourceDate "2004.12.16"]

1. d4 d5 2. Bf4 Nf6 3. Nf3 Nc6 4. e3 Bf5 5. c3 Nh5 6. Bg3 Nxg3 7. hxg3 e6 8.
Bb5 Bd6 9. Nbd2 a6 10. Be2 b5 11. a3 Qf6 12. Nh4 e5 13. dxe5 Nxe5 14. Nxf5 Qxf5
15. Nf3 Nc4 16. Nh4 Qe6 17. Bxc4 dxc4 18. Qf3 O-O 19. Nf5 g6 20. Nd4 Qd7 21. g4
c5 22. Ne2 Rad8 23. Qh3 f6 24. Rd1 Rf7 25. Nf4 Rg7 26. Nd5 Rf7 27. Qh4 Qe6 28.
O-O Qe4 29. f4 Qc2 30. Nxf6+ Kh8 31. Nd5 Qxb2 32. Qxd8+ Bf8 33. Qe8 Kg7 34. g5
b4 35. Qe5+ Kg8 36. Nf6+ Kh8 37. Ne8+ Bg7 38. Nxg7 Qxc3 39. Rd8+ 1-0

[Event "66. BEM 2012"]
[Site "Dortmund"]
[Date "2012.03.15"]
[Round "9.19"]
[White "Schmidt, Andreas N"]
[Black "Koch, Detlev"]
[Result "1/2-1/2"]
[WhiteElo "792"]
[BlackElo "1341"]
[Annotator "P. Schulenburg"]
[PlyCount "45"]
[EventDate "2012.??.??"]
[Source "SG Dortmund"]
[SourceDate "2004.12.16"]

1. e4 e5 2. d4 exd4 3. c3 dxc3 4. Bc4 d6 5. Nxc3 Nf6 6. Nf3 Bg4 7. O-O Bxf3 8.
Qxf3 Nc6 9. Bb5 Be7 10. Bg5 Nd7 11. Bc4 Nde5 12. Bxf7+ Nxf7 13. Be3 O-O 14. Qg3
Bh4 15. Qf3 Nfe5 16. Qe2 Bg5 17. f4 Bh6 18. fxe5 Bxe3+ 19. Qxe3 Nxe5 20. Rxf8+
{(=)} 20... Qxf8 21. Nd5 Qd8 22. Qb3 Rb8 23. Nxc7+ 1/2-1/2

[Event "66. BEM 2012"]
[Site "Dortmund"]
[Date "2012.03.15"]
[Round "9.21"]
[White "Krüger, Inge"]
[Black "Strotmann, Dieter"]
[Result "1/2-1/2"]
[WhiteElo "1303"]
[BlackElo "1362"]
[Annotator "P. Schulenburg"]
[PlyCount "74"]
[EventDate "2012.??.??"]
[Source "SG Dortmund"]
[SourceDate "2004.12.16"]

1. d4 Nf6 2. c4 g6 3. Nc3 Bg7 4. e4 d6 5. Nf3 O-O 6. Be2 c6 7. O-O Nbd7 8. h3
Qc7 9. Be3 b6 10. Rc1 Bb7 11. Qd2 Rfd8 12. d5 Nc5 13. Qc2 cxd5 14. cxd5 Rac8
15. Qb1 e6 16. Rfd1 Qe7 17. b4 Ncd7 18. Qb3 exd5 19. exd5 Ne4 20. Nxe4 Qxe4 21.
Bc4 Ne5 22. Nxe5 Bxe5 23. a4 Rc7 24. Bd3 Bh2+ 25. Kxh2 Qe5+ 26. Kg1 Rxc1 27.
Rxc1 Bxd5 28. Qd1 Ba8 29. Be2 Qe4 30. Bf3 Qxb4 31. Bxa8 Rxa8 32. Ra1 Rd8 33.
Bg5 Re8 34. Bd2 Qe4 35. a5 b5 36. a6 d5 37. Be3 Re7 {und warum man sich in
dieser fuer Weiss leicht gewonnenen Stellung nun auf ein Remis einigte, ist
nicht leicht zu verstehen.} 1/2-1/2

[Event "66. BEM 2012"]
[Site "Dortmund"]
[Date "2012.03.15"]
[Round "9.22"]
[White "Wangrin, Stefan A"]
[Black "Reker, Gerhard"]
[Result "1-0"]
[WhiteElo "1165"]
[BlackElo "756"]
[Annotator "P. Schulenburg"]
[PlyCount "59"]
[EventDate "2012.??.??"]
[Source "SG Dortmund"]
[SourceDate "2004.12.16"]

1. c4 e5 2. e4 Nc6 3. Nf3 Nf6 4. Nc3 Bd6 5. d4 exd4 6. Nxd4 Nxd4 7. Qxd4 O-O 8.
Be2 Re8 9. O-O c5 $4 10. Qd3 $4 (10. Qxd6 $18) 10... Qc7 11. g3 b6 12. Bg5 Re6
13. Bxf6 Rxf6 14. Nd5 Qd8 15. Nxf6+ Qxf6 16. Qd5 Rb8 17. Rab1 Bb7 18. Qf5 Qe7
19. Bd3 g6 20. Qf3 Re8 21. Rfe1 a5 22. a4 Bc6 {(=)} 23. b3 Qe6 24. Re3 f5 25.
Rbe1 Bxe4 26. Bxe4 fxe4 27. Rxe4 Qf7 28. Rxe8+ Kg7 29. Qxf7+ Kxf7 30. Ra8 1-0

[Event "65. BEM 2011"]
[Site "Dortmund"]
[Date "2011.02.07"]
[Round "1.1"]
[White "Vojdani, Bahram"]
[Black "Kohlweyer, Bernd"]
[Result "0-1"]
[WhiteElo "1596"]
[BlackElo "2459"]
[PlyCount "84"]
[EventDate "2011.??.??"]
[Source "SG Dortmund"]
[SourceDate "2004.12.16"]

1. g3 g6 2. Bg2 Bg7 3. Nf3 e5 4. e4 d6 5. d3 Ne7 6. O-O O-O 7. Nh4 c6 8. c4 Na6
9. Nc3 Be6 10. Kh1 Qd7 11. f4 exf4 12. Bxf4 h6 13. Be3 d5 14. cxd5 cxd5 15. Bg1
b6 16. Rc1 Rad8 17. a3 Nc7 18. Qc2 Nb5 19. Ne2 dxe4 20. dxe4 Qd2 21. Nf3 Qxc2
22. Rxc2 Bb3 23. Rd2 Rxd2 24. Nxd2 Be6 25. a4 Rd8 26. Be3 Rd3 27. Nf4 Rxe3 28.
Nxe6 Nd6 29. Nxg7 Kxg7 30. Kg1 Rd3 31. Rf2 Nc6 32. Kf1 Ne5 33. Re2 Nb7 34. Ke1
Nc5 35. a5 bxa5 36. Kd1 Nb3 37. Kc2 Nd4+ 38. Kd1 a4 39. Rf2 Ng4 40. Rf3 Nxf3
41. Bxf3 Nxh2 42. Ke2 Rxd2+ 0-1

[Event "65. BEM 2011"]
[Site "Dortmund"]
[Date "2011.02.07"]
[Round "1.2"]
[White "Schiefelbusch, Dirk"]
[Black "Dite, Alexander"]
[Result "1-0"]
[WhiteElo "2070"]
[BlackElo "1593"]
[PlyCount "81"]
[EventDate "2011.??.??"]
[Source "SG Dortmund"]
[SourceDate "2004.12.16"]

1. Nf3 d5 2. d4 Nf6 3. Bg5 Nbd7 4. e3 e6 5. c4 Be7 6. Nc3 h6 7. Bh4 O-O 8. cxd5
Nxd5 9. Bxe7 Qxe7 10. Be2 Nxc3 11. bxc3 e5 12. O-O e4 13. Nd2 Nb6 14. c4 c6 15.
a4 f5 16. a5 Nd7 17. c5 a6 18. Nc4 f4 19. exf4 Rxf4 20. Qb3 Kh8 21. Qe3 Rf8 22.
Bd3 Nf6 23. Nd6 Ne8 24. Nxe4 Bf5 25. Rfe1 Bxe4 26. Qxe4 Qxe4 27. Rxe4 Rd8 28.
Bc4 Nf6 29. Rf4 Rfe8 30. Rb1 Re7 31. g3 Red7 32. Be6 Rxd4 33. Rxd4 Rxd4 34.
Rxb7 Ra4 35. Rc7 Rxa5 36. Rxc6 Ra1+ 37. Kg2 Rc1 38. Rc8+ Kh7 39. Bf5+ g6 40.
Rc7+ Kh8 41. Bxg6 1-0

[Event "65. BEM 2011"]
[Site "Dortmund"]
[Date "2011.02.07"]
[Round "1.3"]
[White "Gegner, Michael"]
[Black "Brockmann, Michael"]
[Result "0-1"]
[WhiteElo "1567"]
[BlackElo "2062"]
[PlyCount "68"]
[EventDate "2011.??.??"]
[Source "SG Dortmund"]
[SourceDate "2004.12.16"]

1. d4 d5 2. e4 dxe4 3. Nc3 Nf6 4. f3 e3 5. Bxe3 e6 6. Bc4 a6 7. a4 Be7 8. Nge2
Nbd7 9. O-O O-O 10. Ng3 c5 11. dxc5 Qc7 12. Nce4 Nxe4 13. Nxe4 Nxc5 14. b3 Bd7
15. Kh1 Rfd8 16. Qe2 Rac8 17. Ng5 h6 18. Ne4 Nxa4 19. Qf2 Nc5 20. Ng3 Bh4 21.
b4 Na4 22. Bd3 Bb5 23. Bxb5 axb5 24. Rac1 Qc3 25. f4 Rd5 26. Qf3 Nb2 27. Ne4
Qxb4 28. g3 Be7 29. f5 Rxf5 30. Qg4 Rxf1+ 31. Rxf1 f5 32. Nf6+ Kh8 33. Qg6 Bxf6
34. Bxh6 Qe4+ 0-1

[Event "65. BEM 2011"]
[Site "Dortmund"]
[Date "2011.02.07"]
[Round "1.4"]
[White "Zelt, Jens"]
[Black "Benke, Werner"]
[Result "1-0"]
[WhiteElo "2013"]
[BlackElo "1543"]
[PlyCount "77"]
[EventDate "2011.??.??"]
[Source "SG Dortmund"]
[SourceDate "2004.12.16"]

1. d4 d5 2. Nf3 Nf6 3. Bf4 Bf5 4. c3 e6 5. Qb3 Qc8 6. Nbd2 Nbd7 7. e3 Be7 8. h3
h6 9. Be2 a6 10. O-O O-O 11. Rfc1 c5 12. c4 b6 13. a4 a5 14. Bh2 Bh7 15. Ne1
Qc6 16. cxd5 exd5 17. dxc5 Nxc5 18. Qa2 Bd6 19. Bxd6 Qxd6 20. Rd1 Rfd8 21. Ndf3
Rac8 22. Nd4 Nce4 23. Ba6 Ra8 24. Bf1 Rac8 25. Nd3 Nc5 26. Nf4 Qe5 27. Qa3 Ne6
28. Nfxe6 fxe6 29. b4 Qd6 30. bxa5 bxa5 31. Qxd6 Rxd6 32. Rac1 Rxc1 33. Rxc1 e5
34. Nb3 Rb6 35. Nxa5 Rb2 36. Nc6 Ne4 37. f3 Nd2 38. Nxe5 Nxf1 39. Rc8# 1-0

[Event "65. BEM 2011"]
[Site "Dortmund"]
[Date "2011.02.07"]
[Round "1.5"]
[White "Völler, Lothar"]
[Black "Zachos, Ingo"]
[Result "1/2-1/2"]
[WhiteElo "1492"]
[BlackElo "1999"]
[PlyCount "143"]
[EventDate "2011.??.??"]
[Source "SG Dortmund"]
[SourceDate "2004.12.16"]

1. e4 e5 2. Nf3 Nc6 3. c3 Nf6 4. d4 Nxe4 5. d5 Nb8 6. Bd3 Nc5 7. Nxe5 Nxd3+ 8.
Nxd3 Be7 9. O-O O-O 10. Nd2 d6 11. Nf3 Bf5 12. Re1 Nd7 13. Nd4 Bg6 14. Nf4 Ne5
15. Nxg6 Nxg6 16. Nf5 Bf6 17. Be3 Re8 18. Bd4 Rxe1+ 19. Qxe1 Bxd4 20. Nxd4 Qd7
21. Qd2 Re8 22. Re1 Re5 23. Nf3 Rxe1+ 24. Qxe1 Qb5 25. Qd2 h6 26. b3 Qc5 27. c4
a6 28. g3 a5 29. Nd4 Ne5 30. Kg2 a4 31. f4 Nd7 32. Qc3 Nf6 33. b4 Nxd5 34. bxc5
Nxc3 35. cxd6 cxd6 36. a3 g6 37. Kf3 Kf8 38. Ke3 Ke7 39. Kd3 Nd1 40. Nb5 Nf2+
41. Ke2 Ne4 42. Ke3 f5 43. Kd4 Kd7 44. Kd5 Nf6+ 45. Kd4 Kc6 46. Nc3 Ng4 47. h3
Nf2 48. Nxa4 Nxh3 49. Nc3 g5 50. fxg5 hxg5 51. Nd5 f4 52. gxf4 Nxf4 53. Ne7+
Kd7 54. Nf5 Ne6+ 55. Kd5 Nc7+ 56. Kd4 Ke6 57. Ke4 Ne8 58. Nd4+ Kf6 59. a4 Nc7
60. a5 Ke7 61. Kf5 Kd7 62. Kxg5 Ne6+ 63. Nxe6 Kxe6 64. Kf4 d5 65. c5 Kd7 66.
Ke5 Kc6 67. Kd4 Kb5 68. a6 Kxa6 69. Kxd5 Kb5 70. Kd6 Kc4 71. c6 bxc6 72. Kxc6
1/2-1/2

[Event "65. BEM 2011"]
[Site "Dortmund"]
[Date "2011.02.07"]
[Round "1.6"]
[White "Kropp, Andreas"]
[Black "Tekin, Baran"]
[Result "1-0"]
[WhiteElo "1951"]
[BlackElo "1481"]
[PlyCount "49"]
[EventDate "2011.??.??"]
[Source "SG Dortmund"]
[SourceDate "2004.12.16"]

1. d4 Nf6 2. Nf3 d6 3. c4 g6 4. Nc3 Bg7 5. e4 O-O 6. Be2 e5 7. O-O Nc6 8. d5
Ne7 9. Be3 Ng4 10. Bg5 f6 11. Bd2 f5 12. Ng5 Nf6 13. Bf3 h6 14. Ne6 Bxe6 15.
dxe6 Qc8 16. Nd5 Nexd5 17. exd5 e4 18. Be2 c6 19. Qb3 Kh7 20. Bf4 Qc7 21. c5
Ne8 22. dxc6 bxc6 23. Rfd1 Be5 24. Bxe5 dxe5 25. Rd7+ 1-0

[Event "65. BEM 2011"]
[Site "Dortmund"]
[Date "2011.02.07"]
[Round "1.7"]
[White "Raabe, Hans-Ulrich"]
[Black "Begna, Bozidar"]
[Result "0-1"]
[WhiteElo "1468"]
[BlackElo "1932"]
[PlyCount "78"]
[EventDate "2011.??.??"]
[Source "SG Dortmund"]
[SourceDate "2004.12.16"]

1. e4 d6 2. d4 Nf6 3. Nc3 e5 4. dxe5 dxe5 5. Qxd8+ Kxd8 6. Bg5 Be6 7. O-O-O+
Nbd7 8. a3 Bc5 9. f4 Be3+ 10. Kb1 Bxf4 11. Nh3 Bxg5 12. Nxg5 Ke7 13. Nxe6 fxe6
14. Bd3 Ng4 15. Rd2 Rhf8 16. Nd1 a5 17. h3 Ngf6 18. Rf1 Rad8 19. Rdf2 Nc5 20.
Nc3 Nxd3 21. cxd3 Rxd3 22. Kc2 Rfd8 23. Nb5 c6 24. Nc3 b5 25. Nd5+ R3xd5 26.
exd5 exd5 27. g4 Rf8 28. Rf5 e4 29. Kc3 Nd7 30. b4 Rxf5 31. Rxf5 a4 32. Kd4 g6
33. Rf1 Ke6 34. Rc1 Ne5 35. Rf1 Nf3+ 36. Kc5 d4 37. Kxc6 d3 38. Kxb5 d2 39. Kc4
Ne1 0-1

[Event "65. BEM 2011"]
[Site "Dortmund"]
[Date "2011.02.07"]
[Round "1.8"]
[White "Schütte, Tobias"]
[Black "Grawe, Herbert"]
[Result "1-0"]
[WhiteElo "1897"]
[BlackElo "1457"]
[PlyCount "57"]
[EventDate "2011.??.??"]
[Source "SG Dortmund"]
[SourceDate "2004.12.16"]

1. e4 Nc6 2. Nc3 e5 3. Nf3 a6 4. a4 Bc5 5. Nxe5 Nxe5 6. d4 Ba7 7. dxe5 d6 8.
Bc4 Be6 9. Bxe6 fxe6 10. Qg4 Qd7 11. exd6 Nf6 12. Qh4 cxd6 13. O-O O-O 14. Bf4
e5 15. Bg5 Ng4 16. Nd1 h6 17. Bd2 Rae8 18. Ra3 Re7 19. Rg3 Nxf2 20. Nxf2 Ref7
21. Be3 Bxe3 22. Rxe3 Rf4 23. Qh3 Qf7 24. Re2 h5 25. Qb3 g5 26. Qxf7+ R8xf7 27.
Rd1 h4 28. Rxd6 g4 29. Rg6+ 1-0

[Event "65. BEM 2011"]
[Site "Dortmund"]
[Date "2011.02.07"]
[Round "1.9"]
[White "Gerke, Dieter"]
[Black "Hellwig, Thomas"]
[Result "0-1"]
[WhiteElo "1442"]
[BlackElo "1886"]
[PlyCount "64"]
[EventDate "2011.??.??"]
[Source "SG Dortmund"]
[SourceDate "2004.12.16"]

1. d4 Nf6 2. c4 g6 3. Nc3 Bg7 4. e4 d6 5. Bd3 O-O 6. Nge2 Nc6 7. a3 e5 8. d5
Nd4 9. Nxd4 exd4 10. Ne2 Nh5 11. O-O c5 12. b4 b6 13. Bd2 Bg4 14. f3 Bd7 15.
Qe1 f5 16. exf5 Bxf5 17. Bxf5 gxf5 18. Nf4 Nxf4 19. Bxf4 Qd7 20. Qg3 Rf6 21.
Rfe1 Rg6 22. Qf2 Kh8 23. Ra2 d3 24. Qh4 Bf6 25. Qh3 Re8 26. Bd2 Rxe1+ 27. Bxe1
Qe7 28. Kf1 Qe5 29. Rd2 Rg8 30. Rxd3 Re8 31. Bc3 Qe2+ 32. Kg1 Bxc3 0-1

[Event "65. BEM 2011"]
[Site "Dortmund"]
[Date "2011.02.07"]
[Round "1.10"]
[White "Simon, Thomas"]
[Black "Reineke, Tobias"]
[Result "1-0"]
[WhiteElo "1870"]
[BlackElo "1430"]
[PlyCount "65"]
[EventDate "2011.??.??"]
[Source "SG Dortmund"]
[SourceDate "2004.12.16"]

1. Nf3 d5 2. c4 e6 3. g3 Nf6 4. Bg2 Be7 5. d4 c6 6. Qc2 O-O 7. O-O Nbd7 8. Rd1
Re8 9. b3 b6 10. Bb2 c5 11. dxc5 Bxc5 12. cxd5 Nxd5 13. e4 Ne7 14. Qc3 f6 15.
b4 Bxb4 16. Qxb4 Bb7 17. Na3 Nc6 18. Qd6 Nc5 19. e5 f5 20. Nd4 Nxd4 21. Rxd4
Qc8 22. Nb5 Bxg2 23. Kxg2 Qb7+ 24. Kg1 Rac8 25. Rdd1 a6 26. Nc3 Rc6 27. Qd4 Qc7
28. Qe3 Nd7 29. Ne2 Rc8 30. Nd4 Nxe5 31. Nxc6 Nxc6 32. Qxe6+ Qf7 33. Qxc8+ 1-0

[Event "65. BEM 2011"]
[Site "Dortmund"]
[Date "2011.02.07"]
[Round "1.11"]
[White "Vogt, Christian"]
[Black "Büchle, Manfred"]
[Result "1/2-1/2"]
[WhiteElo "1376"]
[BlackElo "1853"]
[PlyCount "113"]
[EventDate "2011.??.??"]
[Source "SG Dortmund"]
[SourceDate "2004.12.16"]

1. d4 d5 2. c4 e6 3. Nc3 Nf6 4. cxd5 exd5 5. Bg5 Be7 6. e3 O-O 7. Bd3 c6 8.
Nge2 h6 9. Bxf6 Bxf6 10. b4 Re8 11. O-O Nd7 12. a4 Nf8 13. Qc2 Be6 14. Rab1 Rc8
15. Nf4 Qd6 16. Nxe6 fxe6 17. Rfd1 e5 18. Bf5 Rc7 19. g3 exd4 20. exd4 Rce7 21.
b5 Ne6 22. Bxe6+ Qxe6 23. bxc6 bxc6 24. Kg2 Qg4 25. h3 Qe6 26. a5 Rc8 27. Re1
Qxe1 28. Rxe1 Rxe1 29. Nxd5 Bxd4 30. Qc4 Kh8 31. Qxd4 cxd5 32. Qxd5 Re7 33. Qd6
Rf7 34. Qd5 Rcf8 35. Qd4 a6 36. Qb6 Rf6 37. Qe3 Rf5 38. Qd2 Rb5 39. Qd6 Rf6 40.
Qd8+ Kh7 41. Qd3+ g6 42. Qd7+ Kg8 43. Qe8+ Kg7 44. Qd7+ Rf7 45. Qd4+ Kh7 46.
Qc4 Rg7 47. Qc3 h5 48. h4 Rf7 49. Qd2 Rbf5 50. Qa2 Kg8 51. Qd2 Rxf2+ 52. Qxf2
Rxf2+ 53. Kxf2 Kf7 54. Kf3 Ke6 55. Ke4 Kd6 56. Kd4 Kc6 57. Kc4 1/2-1/2

[Event "65. BEM 2011"]
[Site "Dortmund"]
[Date "2011.02.07"]
[Round "1.12"]
[White "Grube, Jörg"]
[Black "Strotmann, Dieter"]
[Result "1-0"]
[WhiteElo "1853"]
[BlackElo "1343"]
[PlyCount "47"]
[EventDate "2011.??.??"]
[Source "SG Dortmund"]
[SourceDate "2004.12.16"]

1. e4 g6 2. d4 Bg7 3. c4 e6 4. Nc3 Ne7 5. Be3 c6 6. Qd2 d5 7. Bh6 O-O 8. O-O-O
dxc4 9. h4 Kh8 10. Bxg7+ Kxg7 11. h5 Rh8 12. Bxc4 Nd7 13. Nf3 Nf6 14. e5 Nfd5
15. Ne4 Nf5 16. g4 Nh6 17. Rh4 f5 18. exf6+ Nxf6 19. g5 Nxe4 20. gxh6+ Kf8 21.
Rxe4 Qe7 22. Ng5 Bd7 23. Nxe6+ Bxe6 24. Rxe6 1-0